Geography Quiz

Random Geography or World Quiz

Find the Locally Large Countries (Picture Click) Quiz Stats

 Plays Quiz not verified by Sporcle

Score 0/15 Timer 04:00
6 Plays Today
% Correct
Russia
97.3%
Canada
96.9%
Brazil
95.6%
Algeria
91%
DRC
90.9%
Saudi Arabia
83.1%
Sudan
81.7%
Iran
78.5%
% Correct
South Africa
78%
Indonesia
75.1%
Sweden
59%
Nicaragua
53%
UK
47.5%
Dominican Republic
45.1%
Denmark
32.9%

You're not logged in!

Compare scores with friends on all Sporcle quizzes.
Join for Free
OR
Log In

You Might Also Like...

Show Comments

Extras

Top Quizzes Today


Score Distribution

Your Account Isn't Verified!

In order to create a playlist on Sporcle, you need to verify the email address you used during registration. Go to your Sporcle Settings to finish the process.

Report this User

Report this user for behavior that violates our Community Guidelines.

Details: